The estate agency guide (Record no. 104912)

MARC details
000 -LEADER
fixed length control field 00997cam a2200205 4500
001 - CONTROL NUMBER
control field ##L131940
008 - FIXED-LENGTH DATA ELEMENTS--GENERAL INFORMATION
fixed length control field 110927n2008 000 0 eng u
035 ## - SYSTEM CONTROL NUMBER
System control number (Sirsi) u131940
041 0# - LANGUAGE CODE
Language code of text/sound track or separate title eng
050 04 - LIBRARY OF CONGRESS CALL NUMBER
Classification number 333.33 $2 18
110 1# - MAIN ENTRY--CORPORATE NAME
Corporate name or jurisdiction name as entry element United Kingdom
Subordinate unit Office of Fair Trading
9 (RLIN) 4767
245 04 - TITLE STATEMENT
Title The estate agency guide
Remainder of title what you need to know if you are engaged in estate agency work
Medium [electronic resource]
260 ## - PUBLICATION, DISTRIBUTION, ETC.
Place of publication, distribution, etc. London
Name of publisher, distributor, etc. OFT
Date of publication, distribution, etc. 2008
520 ## - SUMMARY, ETC.
Summary, etc. This booklet is for people who are engaged in estate agency work. It is based on the Estate Agents Act 1979 (the Act) and regulations and orders made under it, as amended from time to time including by the Consumers, Estate Agents and Redress Act 2007.
590 ## - LOCAL NOTE (RLIN)
Local note IKA030106
650 24 - SUBJECT ADDED ENTRY--TOPICAL TERM
Topical term or geographic name entry element ESTATE AGENTS ACT 1979
690 ## - LOCAL SUBJECT ADDED ENTRY--TOPICAL TERM (OCLC, RLIN)
Topical term or geographic name as entry element PROPERTY-RESIDENTIAL PROPERTY-RESIDENTIAL PROPERTY AGENCY
856 40 - ELECTRONIC LOCATION AND ACCESS
Uniform Resource Identifier <a href="https://www.oft.gov.uk/shared_oft/business_leaflets/general/oft031.pdf">https://www.oft.gov.uk/shared_oft/business_leaflets/general/oft031.pdf</a>
Public note View the guide free of charge at www.oft.gov.uk
942 ## - ADDED ENTRY ELEMENTS (KOHA)
Suppress in OPAC 0
Holdings
Withdrawn status Lost status Source of classification or shelving scheme Damaged status Not for loan Home library Current library Shelving location Date acquired Total Checkouts Full call number Barcode Date last seen Copy number Price effective from Koha item type
    Dewey Decimal Classification     Virtual Virtual Online 19/12/2005   ONLINE PUBLICATION 131940-2001 06/08/2019 1 06/08/2019 Book